Отчет о выполнении проблемно-тематического плана научных исследований. 1983: Сводный приемно-тематический план научных исследований на 1984 год (Запись № 1841259)

Подробности
000 -МАРКЕР
контрольное поле 01591nam2a22002411 4500
001 - ИДЕНТИФИКАТОР ЗАПИСИ
контрольное поле RU\NLR\INFOCOMM19\5000019461
005 - ИДЕНТИФИКАТОР ВЕРСИИ
контрольное поле 20250617032605.0
035 ## - ДРУГИЕ СИСТЕМНЫЕ НОМЕРА
Идентификатор записи (NLR Aleph) 002413889
100 ## - ДАННЫЕ ОБЩЕЙ ОБРАБОТКИ
Данные общей обработки 20050113d1984 |||y0rusy50 ca
101 0# - ЯЗЫК РЕСУРСА
Язык текста, звукозаписи и т.д. русский
102 ## - СТРАНА ПУБЛИКАЦИИ ИЛИ ПРОИЗВОДСТВА
Страна публикации Российская Федерация
105 ## - ПОЛЕ КОДИРОВАННЫХ ДАННЫХ: ТЕКСТОВЫЕ МАТЕРИАЛЫ, МОНОГРАФИЧЕСКИЕ
Кодированные данные о монографическом текстовом документе y ||||000|y
200 1# - ЗАГЛАВИЕ И СВЕДЕНИЯ ОБ ОТВЕТСТВЕННОСТИ
Основное заглавие Сводный приемно-тематический план научных исследований на 1984 год
210 ## - ПУБЛИКАЦИЯ, РАСПРОСТРАНЕНИЕ И ДР.
Дата издания, распространения и т.д. 1984
Место издания, распространения и т.д. Б. м.
461 #0 - УРОВЕНЬ НАБОРА
Встроенное поле 001RU\NLR\INFOCOMM19\5000019442
-- 2001#$aОтчет о выполнении проблемно-тематического плана научных исследований$fЦНИИ травматологии и ортопедии им. Н.Н. Приорова Минздрава СССР, Науч. совет по пробл. травматологии и ортопедии при АМН СССР$v1983
Системный номер (АБИС) связанной записи 1841251
Автор Центральный институт травматологии и ортопедии им. Н.Н. Приорова (Москва)
Место публикации М.
Дата публикации 1974-
Первые сведения об ответственности ЦНИИ травматологии и ортопедии им. Н.Н. Приорова Минздрава СССР, Науч. совет по пробл. травматологии и ортопедии при АМН СССР
Заглавие Отчет о выполнении проблемно-тематического плана научных исследований
Номер тома 1983
801 #1 - ИСТОЧНИК ЗАПИСИ
Страна Российская Федерация
Организация InfoComm
Дата составления 20050113
801 #0 - ИСТОЧНИК ЗАПИСИ
Страна Российская Федерация
Организация NLR
Правила каталогизации PSBO
852 ## - МЕСТОНАХОЖДЕНИЕ И ШИФР ХРАНЕНИЯ
Идентификатор организации NLR
Шифр хранения (Call Number) П16/1577
942 ## - ДОПОЛНИТЕЛЬНЫЕ ЭЛЕМЕНТЫ ЗАПИСИ (АБИС)
Тип экземпляра АБИС Выпуск
980 ## - КОЛЛЕКЦИЯ
Название коллекции Национальная библиография
980 ## - КОЛЛЕКЦИЯ
Название коллекции Русская периодика

Нет доступных экземпляров.